000 00971nam a2200289Ia 4500
005 20220317001443.0
008 161108s2006 ck g 000 f s
020 _a9789586393003
100 1 _aFollett, Ken
_d1949-
245 1 4 _aLos pilares de la tierra
_cken Follet ; traducción de Rosalía Vázquez
250 _a1a. edición, 4a reimpresión
300 _a1039 páginas
_c19 cm
500 _aIncluye datos biográficos del autor
534 _bThe pillars of the earth
650 1 4 _2LEMB
_aNovela inglesa
_ySiglo XX
650 1 4 _2LEMB
_aLiteratura inglesa
_ySiglo XX
650 1 4 _2LEMB
_aCivilizacion medieval
_vNovela
650 1 4 _2LEMB
_aNovela historica
700 1 _aVázquez, Rosalía
_etraductora
_973361
942 _2loc
_cBKLIT
264 _aBogotá
_bDebolsillo
_c2006
336 _atexto
_btxt
_2rdacontent
337 _asin mediación
_bn
_2rdamedia
338 _avolumen
_bnc
_2rdacarrier
040 _aCO-BoRNBP
_bspa
_erda
_cCO-BoRNBP
084 _aN FOL1
999 _c7027
_d7027